Когерентный эффект для фоторождения симметричных е+е- пар в кристаллах германия и кремния; Письма в Журнал экспериментальной и теоретической физики; Т. 55, № 7

Detaylı Bibliyografya
Parent link:Письма в Журнал экспериментальной и теоретической физики: научно-теоретический журнал.— , 1965-
Т. 55, № 7.— 1992.— [С. 407-411]
Diğer Yazarlar: Андреяшкин М. Ю., Басай А. Ю., Воробьев С. А. Сергей Александрович, Забаев В. Н. Виктор Николаевич, Калинин Б. Н., Кунашенко Ю. П. Юрий Петрович, Пивоваров Ю. Л. Юрий Леонидович
Özet:Заглавие с экрана
Dil:Rusça
Baskı/Yayın Bilgisi: 1992
Konular:
Online Erişim:http://www.jetpletters.ac.ru/ps/311/article_4070.shtml
Materyal Türü: MixedMaterials Elektronik Kitap Bölümü
KOHA link:https://koha.lib.tpu.ru/cgi-bin/koha/opac-detail.pl?biblionumber=636803

MARC

LEADER 00000nla0a2200000 4500
001 636803
005 20250407085953.0
035 |a (RuTPU)RU\TPU\network\859 
090 |a 636803 
100 |a 20140326d1992 k||y0rusy50 ca 
101 0 |a rus 
102 |a RU 
135 |a drnn ---uucaa 
181 0 |a i  
182 0 |a b 
200 1 |a Когерентный эффект для фоторождения симметричных е+е- пар в кристаллах германия и кремния  |f М. Ю. Андреяшкин [и др.] 
203 |a Текст  |c электронный 
300 |a Заглавие с экрана 
320 |a [Библиогр.: с. 411 (5 назв.)] 
461 |t Письма в Журнал экспериментальной и теоретической физики  |o научно-теоретический журнал  |d 1965- 
463 |t Т. 55, № 7  |v [С. 407-411]  |d 1992 
610 1 |a электронный ресурс 
610 1 |a труды учёных ТПУ 
610 1 |a когерентный эффект 
610 1 |a фоторождение 
701 1 |a Андреяшкин  |b М. Ю. 
701 1 |a Басай  |b А. Ю. 
701 1 |a Воробьев  |b С. А.  |c физик  |c старший научный сотрудник Томского политехнического университета  |f 1944-1992  |g Сергей Александрович  |3 (RuTPU)RU\TPU\pers\19776 
701 1 |a Забаев  |b В. Н.  |c физик  |c доцент Томского политехнического университета, ведущий научный сотрудник, кандидат физико-математических наук  |f 1946-  |g Виктор Николаевич  |3 (RuTPU)RU\TPU\pers\28133 
701 1 |a Калинин  |b Б. Н. 
701 1 |a Калинин  |b Б. Н. 
701 1 |a Кунашенко  |b Ю. П.  |c физик  |c профессор Томского политехнического университета, доктор физико-математических наук  |f 1958-  |g Юрий Петрович  |3 (RuTPU)RU\TPU\pers\28143 
701 1 |a Пивоваров  |b Ю. Л.  |c физик  |c профессор Томского политехнического университета  |f 1953-  |g Юрий Леонидович  |3 (RuTPU)RU\TPU\pers\27113 
801 2 |a RU  |b 63413507  |c 20140326  |g RCR 
856 4 |u http://www.jetpletters.ac.ru/ps/311/article_4070.shtml 
942 |c CF